MDQL
is popping MORE tags! Check the
thread
!
Quizzes
Events
Quiz Creation
Community
Videos
Private Events
Remove Ads
Sign In
Join for FREE
Feedback
Dark Mode
Quiz Categories
Sports
Geography
Music
Movies
Television
Just For Fun
Miscellaneous
History
Literature
Language
Science
Gaming
Entertainment
Religion
Holiday
For Kids
Quiz Lab
Recent
Popular Today
Quiz Kudos Today
Editor Picks
Curator Picks
Quizzes by...
Day
Popularity
Type
Ratings
Length
Year
Community
Subscriptions
Recent Discussions
Orange Saloon
Badges
Playlists
Quests
Create
Leaderboards
Showdown
Live 5
Trivia Bingo
Activity
Puzzle Library
Sporcle Events
Private Events
Virtual Trivia
Globe League
Become a Host
Pub Owners
SporcleCon
Opinionation
Our Games
Videos
Blog
Mobile Apps
Partnerships
Remove Ads and Go Orange
Feedback
Science
Computer
Plants
Astronomy
Chemistry
Elements
Math
Animal
Physics
Anatomy
Biology
Geology
General Science
Science
Computer
Plants
Astronomy
Chemistry
Elements
Math
Animal
Physics
Anatomy
Biology
Geology
General Science
Random Quiz
Search Sporcle
×
Quiz Lab
Quiz Lab
Science
Clickable
Select answers by clicking on text or image buttons
Select answers by clicking on text or image buttons
Clickable
Best Score? Go Orange.
APES 2016 Madison Swing Ch. 8 Stats
Can you pick the APES 2016 Madison Swing Ch. 8?
By
mswing7272
20m
22 Questions
3 Plays
3 Plays
3 Plays
Comments
Comments
Give Quiz Kudos
Give Quiz Kudos
-
- Ratings
hide this ad
Forced Order
Answers have to be entered in order
Answers have to be entered in order
Replay
Link that replays current quiz
Next Quiz
Link to next quiz in quiz playlist
You Got
0%
They Got
Avg Score
25%
Avg Friend Score
Upgrade to see
Score Distribution
Jump to the score distribution portion of the page
Score
0/22
Timer
20:00
0
Plays Today
% Correct
Turbidity
66.7%
Intertidal Zone
66.7%
Cultural Eutrophication
66.7%
Surface Water
66.7%
Aquatic Life Zone
33.3%
Plankton
33.3%
Nekton
33.3%
Decomposers
33.3%
Coastal Wetlands
33.3%
Barrier Islands
33.3%
Oligotrophic Lakes
33.3%
% Correct
Eutrophic Lakes
33.3%
Runoff
33.3%
Global Ocean
0%
Saltwater
0%
Freshwater Life Zones
0%
Benthons
0%
Coastal Zone
0%
Estuaries
0%
Lakes
0%
Watershed
0%
Inland Wetlands
0%
Quiz Playlist
Details
Report
Send in Message
Add To Playlist
Clickable:
Select answers by clicking on text or image buttons
Forced Order:
Answers have to be entered in order
Last Updated: Feb 16, 2017
Quiz Scoreboard
CHALLENGE
Sign Up to Join the Scoreboard
Show All
Scores
Hide
Comments
May contain spoilers
Recently Published
Two Season TV Shows II
by 123Four
Television
10m
Image Sorting: Flags VI
by Barbecue
Geography
2m
Find the 'City' Movie
by crazypaving
Movies
60s
More to Explore
Quiz From the Vault
Featured Blog Post
14 Easter Pick-up Lines to Find Eggs With
hide this ad
You Might Also Like...
Tags
Clickable Quiz
2016
ape
madison
Swing
Today's Top Quizzes in Science
Browse Science
hide this ad
Today's Top Quizzes in Clickable
Browse Clickable
Top Contributed Quizzes in Science
1
Mitosis Sporcle for Escape Room
2
Windmill: Elements
3
200 Vogels in Nederland
4
Square Numbers Scrambled (1-50)
5
Elements In Images
6
Glycolysis
7
Count to 60
8
Quick Pick: 'CI-CJ' Animals
9
17 TIMES TABLE
10
perfect squares 1-25
Explore More
Trending Topics
Disney
Anime
Kpop
Marvel
NBA
Crossword
Harry Potter
NFL
Soccer
WWE
The Office
Pokémon
Song
Puzzle
Country
hide this ad
More By:
mswing7272
Quiz
Plays
Rating
Category
Featured
Created
APES 2016 Madison Swing Ch. 8
3
Science
Aug 24, 2016
Go to Creator's Profile
Score Distribution
Quiz Creator Spotlight
mswing7272
Follow
Send a Message
Quizzes Created
-
Created Quiz Play Count
-
More By This Creator
Popular Quizzes Today
1
Find the US States - No Outlines Minefield
2
Colored Red Africa Blitz
3
Find the 'City' Movie
4
5x2 Blitz: Bands
5
The Countries of the World
6
Find the Countries of Europe - No Outlines Minefield
7
Find the US States
8
US States
More Science Quizzes
Easy Math II
Published
Trending Quizzes
Colored Red Europe Blitz I
Colored Red Africa Blitz II
Colored Red Europe Blitz II
Colored Red Europe Blitz III
Colored Red Africa Blitz III
Recently Updated
How Do You Spell That?
pecheneg
Godzilla Movies
pecheneg
Grab Bag: 4-10 Letters
pecheneg
2024 March Madness Bracket
pecheneg
Famous TV Couples
Peacemaker
Champions League XIs: Real Madrid
pecheneg
Largest US Cities 1790-2010
pecheneg
Rides in Walt Disney World
pecheneg
Most Oscar Losses (Acting)
pecheneg
Beyoncé Albums
pecheneg
Trending Topics
Anime
Disney
NBA
Crossword
Harry Potter
Kpop
Marvel
NFL
Song
Pokémon
Soccer
Country
WWE
The Office
Puzzle
Your Account Isn't Verified!
In order to create a playlist on Sporcle, you need to verify the email address you used during registration. Go to your
Sporcle Settings
to finish the process.
Report this User
Report this user for behavior that violates our
Community Guidelines
.
Details:
Send Report
Go to the Sporcle.com Mobile Site →
Comments